|
|
|
|
| LEADER |
00000cam a2200000 7i4500 |
| 001 |
0000099044 |
| 005 |
20230301093000.0 |
| 008 |
200812s2019 mau eng |
| 020 |
|
|
|a 9780128180402 (
|q paperback)
|
| 040 |
|
|
|a UniSZA
|e rda
|
| 050 |
0 |
0 |
|a SH380.6
|b .S26 2019
|
| 090 |
0 |
0 |
|a SH380.6
|b .S26 2019
|
| 100 |
1 |
|
|a Samocha, Tzachi Matzliach ,
|e author.
|
| 245 |
0 |
0 |
|a Sustainable biofloc system for marine shrimp
|c Tzachi Matzliach Samocha
|
| 250 |
|
|
|a First Edition
|
| 264 |
|
0 |
|a London :
|b Academic Press
|c c2019
|
| 300 |
|
|
|a xxxi,431 pages :
|b Illustrator ;
|c 24 cm.
|
| 336 |
|
|
|a text
|2 rdacontent
|
| 337 |
|
|
|a unmediated
|2 rdamedia
|
| 338 |
|
|
|a volume
|2 rdacarrier
|
| 500 |
|
|
|a Include index
|
| 505 |
0 |
|
|a 1. Introduction -- 2. Shrimp Biology -- 3. Biofloc -- 4. Water -- 5. Site Selection and Production System Requirements -- 6. System Treatment and Preparation -- 7. Water Quality Management -- 8. Nursery Phase -- 9. Grow- Out Phase -- 10. Shrimp Harvest -- 11. Waste Treatmen and Disposal -- 12. Disease and Biosecurity -- 13. Economics of Super-Intensive Recirculating Shrimp Production Systems -- 14. Research and Results -- 15. Troubleshooting
|
| 650 |
|
0 |
|a Aquaculture
|
| 650 |
|
0 |
|a Shrimp culture
|
| 650 |
|
0 |
|a Shrimp fisheries
|
| 999 |
|
|
|a 1000180215
|b Book
|c Open Shelf (1 Day)
|e Tembila Campus
|
| 999 |
|
|
|a 1000183493
|b Book
|c Open Shelf (1 Day)
|e Tembila Campus
|